| 000 | 00626nam a22001697a 4500 | ||
|---|---|---|---|
| 082 |
_a891.4392092 _bHAL |
||
| 100 | _aHali,Molana Altaf Hussain | ||
| 245 |
_aYadgar-e-Ghalib/ _cMolana Altaf Husain Hali |
||
| 260 |
_aLahore; _bKhazina-e-Ilm-o-Adab, _c2002. |
||
| 300 |
_a406p. : _c25cm. |
||
| 563 | _aHB | ||
| 650 |
_aPoets, Urdu – Biography _9129442 |
||
| 880 |
_6100-01\(3\r _aمولانا الطاف حسین حالی |
||
| 880 |
_6245-02\(3\r _aیادگارِ غالب/ _bمولانا الطاف حسین حالی |
||
| 880 |
_6260-03\(3\r _aلاہور: _bخزینۂ علم و ادب، _c 2002. |
||
| 942 |
_2ddc _cBK |
||
| 999 |
_c614125 _d614125 |
||